El problema jurd̕ico de la manipulacin̤ de informacin̤ personal

Bibliographic Details
Main Author: Len̤, Leysser L. (Len̤ Hilario, Leysser Luggi), 1972-
Format: Unknown
Language:Spanish
Published: [Lima, Per]︢ : Pontificia Universidad Catl̤ica del Per,︢ Facultad de Derecho : Palestra, 2007
Subjects:
Online Access:Acceso restringido

MARC

LEADER 00000ny a22000003n 4500
005 20110519132356.0
008 100324s2007 pe b 000 0 spa
020 |a 9789972224614 
035 |a 4868 
040 |a DLC  |c DLC  |d vLex 
090 |c 51  |d 51 
100 1 |a Len̤, Leysser L.  |q (Len̤ Hilario, Leysser Luggi),  |d 1972- 
245 1 3 |a El problema jurd̕ico de la manipulacin̤ de informacin̤ personal  |h [Recurso electrn̤ico]  |c Leysser L. Len̤ 
256 |a Servicio en ln̕ea 
260 |a [Lima, Per]︢ :  |b Pontificia Universidad Catl̤ica del Per,︢ Facultad de Derecho :  |b Palestra,  |c 2007 
506 1 |a Contenido solo disponible en los productos indicados  |d vLex Global  |d vLex Global (Academic Edition, excluding Law Schools)  |d vLex Global (U.S. Academic Edition, Law Schools)  |d vLex Global (U.S. Academic Edition, excluding Law Schools)  |d vLex Global (Academic Edition, Law Schools) 
650 0 4 |a Derecho a la vida privada  |x Publicaciones perid̤icas 
650 0 4 |a Libertad de informacin̤  |z Amřica Latina 
650 0 4 |a Proteccin̤ de la informacin̤ (Informt̀ica)  |z Amřica latina 
740 0 |a vLex Libros (Servicios en ln̕ea) 
856 4 0 |u http://vlex.com/source/4868  |z Acceso restringido 
942 |c BOOK 
999 0 |a Data protection  |z Peru. 
999 0 |a Freedom of information  |z Peru. 
999 0 |a Personnel records  |z Peru. 
999 0 |a Privacy, Right of  |z Peru. 
999 0 |a Records  |z Peru.